000 00613nam a2200229Ia 4500
003 OSt
005 20230417163233.0
008 210423s2009 xx 000 0 und d
020 _a9780748625789
040 _cAL
041 _aeng
082 _a306.071 PICM
100 _aPICKERING (Michael),Ed
_989532
245 _aResearch methods for cultural studies
260 _aEdinburgh
_bEdinburgh University Press
_c2009
300 _axviii,323
_bPB
365 _b1385
_cINR
650 _aCulture
_989533
650 _aSociology
_989534
906 _acultural ; methods ; Research ; studies
942 _2ddc
_cBK
999 _c159967
_d159967